|
|
|
|
| LEADER |
00000nam a2200000 a 4500 |
| 001 |
vtls001153190 |
| 003 |
SK-MaSNL |
| 005 |
20260301063211.0 |
| 008 |
240226s1738 xo a lat |
| 015 |
|
|
|a SNBHFA1738
|
| 035 |
|
|
|a urn:nbn:sk:snk-am00en83
|
| 035 |
|
|
|a urn:nbn:sk:snk-am3ikho
|
| 035 |
|
|
|a 680E2510-B296-4F83-AA0C-52337CB48AC0
|
| 040 |
|
|
|a SNK
|b slo
|c SNK
|e AACR2
|
| 041 |
0 |
|
|a lat
|
| 044 |
|
|
|a xo
|c SK
|
| 072 |
|
7 |
|a 37
|x Výchova a vzdelávanie
|2 konspekt
|
| 080 |
|
|
|a 37.01/.09
|2 2011
|
| 130 |
0 |
|
|a Ars
|9 378557
|
| 245 |
1 |
0 |
|a Ars Omni Reipublicae Necessaria
|b Juventutis Educatio Fructuosa
|
| 260 |
|
|
|a Tyrnaviae
|b Typis Academicis Societatis Jesu
|c 1738
|
| 300 |
|
|
|a [2], 121 s.
|c 13cm
|
| 500 |
|
|
|a Titulná strana s vinetou a ozdobnou linkou. Vineta. Typografické ozdoby. Zložky. Kustody.
|
| 508 |
|
|
|a Vlys signovaný F.
|
| 650 |
0 |
7 |
|a výchova a vzdelávanie mládeže
|2 SNKPH
|9 378558
|
| 710 |
2 |
|
|a Akademická tlačiareň (Trnava, Slovensko)
|4 prt
|9 232890
|
| 752 |
|
|
|a Slovensko
|d Trnava
|
| 852 |
|
|
|a snk
|p SE 1762
|
| 958 |
|
|
|a ONDV
|
| 999 |
|
|
|c 623263
|d 625193
|
| 952 |
|
|
|a SNK
|b SNK
|y PREZ
|7 0
|p 17A0733723
|o snkSE 1762
|i snkKSF 2914/57
|8 5
|0 0
|1 0
|4 0
|d 2020-07-22
|f 1
|l 0
|r 2026-02-23 17:01:52
|w 2026-02-23
|